000
00241nam a2200097Ia 4500
008
190216s9999||||xx |||||||||||||| ||und||
100
_a
Chandrasekharan Nair C K
245
0
_a
Jamithiya Varapp
260
_b
Kerala Bhasha Institute
942
_c
BK
999
_c
37587
_d
37587